| 000 | 01102cam a2200349 a 4500 | ||
|---|---|---|---|
| 001 | 000961796 | ||
| 003 | AR-BaBN | ||
| 005 | 20250520105847.0 | ||
| 007 | ta | ||
| 008 | 050901s1964 ag gr 001 0 spa | ||
| 015 | _aAR-1964 | ||
| 040 |
_aAR-BaBN _bspa _cAR-BaBN _eaacr |
||
| 044 |
_aag _car-c |
||
| 080 | 1 |
_a159.9.072.2 _22016 |
|
| 100 | 1 |
_aRorschach, Hermann, _d1884-1922 _eautor _4aut |
|
| 245 | 1 | 0 |
_aPsicodiagnóstico / _cHermann Rorschach. |
| 250 | _a4a ed. | ||
| 260 |
_aBuenos Aires : _bPaidós, _c1964. |
||
| 300 |
_a263 p. ; _c23 cm. |
||
| 490 | 1 | _aBiblioteca de Psicometría | |
| 650 | 4 | _aTest de Rorschach | |
| 650 | 4 |
_aPruebas psicológicas _vEstudio de casos |
|
| 650 | 4 | _aPsicodiagnóstico | |
| 830 | 0 | _aBiblioteca de Psicometría (Paidós) | |
| 930 | 1 |
_lBNA01 _mLIBRO _600269360 _820110912 _f11 _n000 _o000961796 |
|
| 942 |
_2cdu _cBK |
||
| 956 |
_aGSL _b00 _c20110916 _lBNA01 _h0220 |
||
| 956 |
_aGSL _c20130614 _lBNA01 _h2253 |
||
| 956 |
_aAFLORIDIA _b20 _c20180319 _lBNA01 _h1944 |
||
| 956 |
_aKRODRIGUEZ _b20 _c20210715 _lBNA01 _h1820 |
||
| 956 |
_aKRODRIGUEZ _b20 _c20220131 _lBNA01 _h1535 |
||
| 999 |
_c5957 _d5957 |
||